| 000 | 00467nab#a2200193#c#4500 | ||
|---|---|---|---|
| 003 | IEF | ||
| 005 | 20180219160640.0 | ||
| 008 | 010226s1976 uuu|| #####0 b| |u | ||
| 040 | _aIEF | ||
| 245 | _aLa veracidad contable en España | ||
| 260 | _c1976 | ||
| 650 | 4 |
_aEMPRESAS _943504 |
|
| 650 | 4 |
_aCONTABILIDAD _940740 |
|
| 650 | 4 |
_aESPAÑA _941092 |
|
| 773 | 0 |
_tHacienda pública española _w34570 _g39, p. 3-14 |
|
| 942 | _cART | ||
| 942 | _z95357 | ||
| 999 |
_c58268 _d58268 |
||